[Event "Ste-Foy 5 2024-25"]
[Site "Quebec CAN"]
[Date "2025.04.14"]
[Round "2"]
[White "Savard, Alexandre"]
[Black "Barrera, Eduardo"]
[Result "0-1"]
[WhiteElo "1812"]
[BlackElo "1952"]
[WhiteFideId "-1"]
[WhiteFideId "-1"]
[PlyCount "40"]
[GameId "2169050570920090"]
[EventDate "2025.04.07"]
[EventType "swiss"]
[EventRounds "5"]
[EventCountry "CAN"]

1. c4 e5 2. g3 Nf6 3. Bg2 Nc6 4. Nc3 Bb4 5. Nf3 Bxc3 6. dxc3 O-O 7. O-O h6 8. c5 a5 9. h3 a4 10. Be3 Re8 11. Nh4 Ne7 12. Qd3 d5 13. cxd6 cxd6 14. Rfd1 d5 15. g4 g5 16. Nf5 Bxf5 17. gxf5 e4 18. Qb5 Nxf5 19. c4 Nd6 20. Qxb7 Nxb7 0-1

[Event "Ste-Foy 5 2024-25"]
[Site "Quebec CAN"]
[Date "2025.04.14"]
[Round "2"]
[White "Soubeyrand, Maxence"]
[Black "Wafer, Jacques"]
[Result "1-0"]
[WhiteElo "1109"]
[BlackElo "1402"]
[WhiteFideId "-1"]
[WhiteFideId "-1"]
[PlyCount "35"]
[GameId "2169050570915988"]
[EventDate "2025.04.07"]
[EventType "swiss"]
[EventRounds "5"]
[EventCountry "CAN"]

1. d4 Nf6 2. Bf4 e6 3. e3 d5 4. Nf3 Bb4+ 5. c3 Be7 6. Nbd2 Nh5 7. Bg3 Nxg3 8. hxg3 h6 9. Ne5 O-O 10. Bd3 Nd7 11. Ndf3 Nf6 12. Qc2 c5 13. dxc5 Bxc5 14. g4 Ne4 15. Bxe4 dxe4 16. Qxe4 f5 17. gxf5 exf5 18. Qc4+ 1-0

[Event "Ste-Foy 5 2024-25"]
[Site "Quebec CAN"]
[Date "2025.04.14"]
[Round "2"]
[White "Soucy, Mathieu"]
[Black "Laurendeau, Alfred"]
[Result "1-0"]
[WhiteElo "1270"]
[BlackElo "1533"]
[WhiteFideId "-1"]
[WhiteFideId "-1"]
[PlyCount "75"]
[GameId "2169050570915990"]
[EventDate "2025.04.07"]
[EventType "swiss"]
[EventRounds "5"]
[EventCountry "CAN"]

1. e4 d5 2. exd5 Qxd5 3. Nc3 Qd8 4. d4 Nf6 5. Bc4 a6 6. a4 c5 7. d5 Bg4 8. Nf3 Nbd7 9. O-O Nb6 10. b3 Qc7 11. Re1 O-O-O 12. Qd3 e6 13. Ne5 Bf5 14. Qf3 Nbxd5 15. Nxd5 Nxd5 16. c3 Bg6 17. Bxd5 Rxd5 18. Nc4 Rd3 19. Re3 Rxe3 20. Bxe3 f6 21. b4 Kb8 22. a5 Be7 23. Nb6 Rd8 24. Rd1 Rxd1+ 25. Qxd1 Be8 26. Bxc5 Bxc5 27. bxc5 Bc6 28. g3 Ka7 29. f4 e5 30. Qd6 Qxd6 31. cxd6 Kb8 32. fxe5 fxe5 33. c4 g5 34. g4 e4 35. Kf2 h6 36. Ke3 Be8 37. Kxe4 Bc6+ 38. Kf5 1-0

[Event "Ste-Foy 5 2024-25"]
[Site "Quebec CAN"]
[Date "2025.04.14"]
[Round "2"]
[White "Zarrari, Aissame"]
[Black "Dussault, Michael"]
[Result "1-0"]
[WhiteElo "1449"]
[BlackElo "1318"]
[WhiteFideId "-1"]
[WhiteFideId "-1"]
[PlyCount "76"]
[GameId "2169050570915991"]
[EventDate "2025.04.07"]
[EventType "swiss"]
[EventRounds "5"]
[EventCountry "CAN"]

1. d4 d5 2. Nf3 Nf6 3. Nbd2 h6 4. e3 Bg4 5. Be2 e6 6. c4 c5 7. cxd5 Nxd5 8. O-O Nd7 9. Qa4 Bh5 10. Bb5 N5b6 11. Qb3 Be7 12. Ne5 Qc7 13. g4 Bd6 14. Ndf3 O-O 15. gxh5 Nxe5 16. dxe5 Bxe5 17. Nxe5 Qxe5 18. Be2 Rad8 19. Qc3 Qg5+ 20. Kh1 Qd5+ 21. e4 Qxe4+ 22. Bf3 Qf5 23. Rg1 e5 24. Qe3 Rd6 25. Bg4 Qf6 26. Qf3 Qe7 27. Be3 Rf6 28. Qg2 Nc4 29. Be2 g5 30. Bxc4 Kh8 31. Qe4 Rg8 32. Bd3 Rg7 33. Bxg5 hxg5 34. Rxg5 Rh6 35. Rxg7 Kxg7 36. Rg1+ Kf8 37. Qg4 Ke8 38. Qc8+ Qd8 1-0

[Event "Ste-Foy 5 2024-25"]
[Site "Quebec CAN"]
[Date "2025.04.07"]
[Round "3"]
[White "Blais, Pierre-Luc"]
[Black "Barrera, Eduardo"]
[Result "1-0"]
[WhiteElo "1497"]
[BlackElo "1952"]
[WhiteFideId "-1"]
[WhiteFideId "-1"]
[PlyCount "63"]
[GameId "2173083677286479"]
[EventDate "2025.04.07"]
[EventType "swiss"]
[EventRounds "5"]
[EventCountry "CAN"]

1. d4 d5 2. c4 e6 3. Nf3 Nf6 4. Nc3 Be7 5. Bg5 O-O 6. e3 a6 7. cxd5 exd5 8. h3 Bf5 9. Qb3 Nbd7 10. Nxd5 Nxd5 11. Qxd5 Be6 12. Bxe7 Qxe7 13. Qa5 c5 14. Rd1 cxd4 15. Nxd4 b6 16. Qd2 Nc5 17. Bd3 Bxa2 18. O-O Bd5 19. Bxh7+ Kxh7 20. Nf5 Qf6 21. Qxd5 g6 22. Nd4 Rac8 23. Qf3 Qg7 24. b4 Na4 25. Qb7 Ra8 26. Ne6 Qg8 27. Nxf8+ Qxf8 28. Rd7 Kg7 29. Rc1 Rb8 30. Qf3 Nc5 31. bxc5 bxc5 32. Qd5 1-0

[Event "Ste-Foy 5 2024-25"]
[Site "Quebec CAN"]
[Date "2025.04.07"]
[Round "3"]
[White "Cantin, Guillaume"]
[Black "Houde, Louis-Thomas"]
[Result "1/2-1/2"]
[WhiteElo "1181"]
[BlackElo "1399"]
[WhiteFideId "-1"]
[WhiteFideId "-1"]
[PlyCount "111"]
[GameId "2173083677286482"]
[EventDate "2025.04.07"]
[EventType "swiss"]
[EventRounds "5"]
[EventCountry "CAN"]

1. d4 c6 2. c4 d5 3. e3 Nf6 4. Nf3 Bg4 5. Nc3 e6 6. cxd5 cxd5 7. Be2 Bb4 8. O-O O-O 9. Ne5 Bxe2 10. Nxe2 Nc6 11. Nxc6 bxc6 12. a3 Bd6 13. Qc2 Rc8 14. h3 c5 15. dxc5 Bxc5 16. Nc3 Bb6 17. Qd1 Qe7 18. Bd2 Rfd8 19. Ne2 h6 20. Rc1 e5 21. Rxc8 Rxc8 22. Bb4 Bc5 23. Qc2 Qc7 24. Rc1 Nd7 25. Bxc5 Qxc5 26. Qxc5 Rxc5 27. Rxc5 Nxc5 28. b4 Nd3 29. f4 Kf8 30. fxe5 Nxe5 31. Nd4 Nc4 32. Nc6 a6 33. Nb8 a5 34. bxa5 Nxa5 35. Kf2 Ke7 36. Ke2 Kd6 37. Na6 Ke5 38. Kd3 f5 39. a4 f4 40. exf4+ Kxf4 41. Kd4 Kg3 42. Kxd5 Kxg2 43. h4 g5 44. hxg5 hxg5 45. Nc5 Kf3 46. Ne4 g4 47. Nd2+ Kf4 48. Ne4 Nb3 49. Nc3 Nd2 50. a5 Kf3 51. a6 g3 52. a7 g2 53. a8=Q g1=Q 54. Ke5+ Kf2 55. Qa7+ Kg2 56. Qxg1+ 1/2-1/2

[Event "Ste-Foy 5 2024-25"]
[Site "Quebec CAN"]
[Date "2025.04.07"]
[Round "3"]
[White "Dionne, Frederick"]
[Black "Caron-Ouellette, Charles"]
[Result "0-1"]
[WhiteElo "1354"]
[BlackElo "1334"]
[WhiteFideId "-1"]
[WhiteFideId "-1"]
[PlyCount "92"]
[GameId "2173083677286481"]
[EventDate "2025.04.07"]
[EventType "swiss"]
[EventRounds "5"]
[EventCountry "CAN"]

1. e4 e5 2. Nc3 Nf6 3. f4 d5 4. fxe5 Nxe4 5. Qf3 f5 6. d4 Bb4 7. a3 Bxc3+ 8. bxc3 c5 9. Bb5+ Bd7 10. Rb1 O-O 11. dxc5 Qe7 12. Ne2 Nxc5 13. Qxd5+ Be6 14. Qf3 a6 15. Bd3 Nc6 16. Qf4 Nxd3+ 17. cxd3 Bd5 18. O-O Nxe5 19. Qg3 Rae8 20. Nf4 Bc6 21. Bb2 Ng4 22. Rbe1 Qc5+ 23. d4 Qb6 24. Ba1 Qb3 25. h3 Nf6 26. Re5 Rxe5 27. dxe5 Ne4 28. Qe3 Qxa3 29. Rd1 Re8 30. Qd4 Qc5 31. Rd3 Rxe5 32. Qxc5 Nxc5 33. Rd8+ Kf7 34. Kf2 Ne4+ 35. Kg1 Ra5 36. Bb2 Ra2 37. Nd3 Nc5 38. Nxc5 Rxb2 39. g3 Rg2+ 40. Kf1 Rxg3 41. Nxb7 Bxb7 42. Rd7+ Kg6 43. Rxb7 Rxc3 44. Rb6+ Kg5 45. Rxa6 Rxh3 46. Kg2 Re3 0-1

[Event "Ste-Foy 5 2024-25"]
[Site "Quebec CAN"]
[Date "2025.04.07"]
[Round "3"]
[White "Laurendeau, Alfred"]
[Black "Soubeyrand, Maxence"]
[Result "1/2-1/2"]
[WhiteElo "1533"]
[BlackElo "1109"]
[WhiteFideId "-1"]
[WhiteFideId "-1"]
[PlyCount "92"]
[GameId "2173083677286483"]
[EventDate "2025.04.07"]
[EventType "swiss"]
[EventRounds "5"]
[EventCountry "CAN"]

1. Nf3 d5 2. g3 Nf6 3. Bg2 g6 4. b3 Bg7 5. Bb2 O-O 6. O-O Bf5 7. d3 c6 8. c4 e6 9. Nbd2 Nbd7 10. cxd5 cxd5 11. Ne1 e5 12. e4 Bg4 13. f3 Be6 14. exd5 Bxd5 15. Nc4 Bxc4 16. dxc4 Qb6+ 17. Kh1 Rad8 18. Qe2 Rfe8 19. Nd3 Nh5 20. Rac1 Qc7 21. c5 Qa5 22. b4 Qb5 23. a4 Qc6 24. b5 Qe6 25. c6 bxc6 26. bxc6 Nb6 27. Qc2 Rc8 28. Rfe1 Rc7 29. a5 Nd5 30. Qc5 Bf8 31. Rxe5 Bxc5 32. Rxe6 fxe6 33. Rxc5 Ne3 34. Bh3 Ng7 35. Be5 Rcc8 36. c7 Nd5 37. Nf4 Nxf4 38. gxf4 Re7 39. Bf1 Ne8 40. Ba6 Rcxc7 41. Rxc7 Rxc7 42. Bxc7 Nxc7 43. Bc4 Kf7 44. Kg2 Nd5 45. Kg3 Ne3 46. Bb3 Nf5+ 1/2-1/2

[Event "Ste-Foy 5 2024-25"]
[Site "Quebec CAN"]
[Date "2025.04.07"]
[Round "3"]
[White "Tremblay, Noah"]
[Black "Savard, Alexandre"]
[Result "0-1"]
[WhiteElo "1646"]
[BlackElo "1812"]
[WhiteFideId "-1"]
[WhiteFideId "-1"]
[PlyCount "72"]
[GameId "2173083677286480"]
[EventDate "2025.04.07"]
[EventType "swiss"]
[EventRounds "5"]
[EventCountry "CAN"]

1. e4 c5 2. Nf3 d6 3. d4 cxd4 4. Nxd4 Nf6 5. Nc3 e5 6. Nb3 Be7 7. Bd3 a6 8. Bg5 Be6 9. O-O Nbd7 10. a4 h6 11. Bxf6 Nxf6 12. f4 Ng4 13. Qe2 Qb6+ 14. Kh1 Ne3 15. a5 Qa7 16. Rf3 exf4 17. Rxf4 Bg5 18. Rf2 Bg4 19. Qe1 O-O 20. Nd5 Nxd5 21. exd5 Rae8 22. Qf1 Be3 23. Rf5 Re7 24. Re1 Bxf5 25. Qxf5 g6 26. Qg4 Kg7 27. Rf1 Bf2 28. Qf4 Re1 29. Rxe1 Bxe1 30. Qxd6 Qe3 31. Qc5 Qe5 32. d6 Qxb2 33. d7 Rd8 34. Nd4 Bb4 35. Qe5+ Kh7 36. Qf6 Rxd7 0-1

[Event "Ste-Foy 5 2024-25"]
[Site "Quebec CAN"]
[Date "2025.04.07"]
[Round "3"]
[White "Vallee, Maxime"]
[Black "Fillion, Jean-Yves"]
[Result "0-1"]
[WhiteElo "1250"]
[BlackElo "1354"]
[WhiteFideId "-1"]
[WhiteFideId "-1"]
[PlyCount "76"]
[GameId "2173083677286484"]
[EventDate "2025.04.07"]
[EventType "swiss"]
[EventRounds "5"]
[EventCountry "CAN"]

1. e4 g6 2. Nf3 Bg7 3. d4 d6 4. g3 Bg4 5. Bg2 Nd7 6. Qd3 e5 7. dxe5 Bxf3 8. Qxf3 Nxe5 9. Qe2 Nf6 10. Bg5 h6 11. Be3 Qd7 12. O-O O-O 13. Nc3 c6 14. Qd2 Nc4 15. Qc1 Nxe3 16. Qxe3 Rfe8 17. Rfe1 Qe7 18. Re2 Ng4 19. Qd2 Ne5 20. Rae1 a5 21. b3 b5 22. f4 b4 23. Na4 Nd7 24. e5 dxe5 25. Bxc6 Rad8 26. Qd5 Nb6 27. Qxa5 Nd7 28. Bxd7 Rxd7 29. fxe5 f6 30. exf6 Qxe2 31. Rxe2 Rxe2 32. Nb2 Bxf6 33. Qa8+ Kg7 34. Qc8 Rde7 35. Nd3 g5 36. Nxb4 Bd4+ 37. Kh1 Rf7 38. Qh3 Re1+ 0-1

[Event "Ste-Foy 5 2024-25"]
[Site "Quebec CAN"]
[Date "2025.04.28"]
[Round "3"]
[White "Dussault, Michael"]
[Black "Couture, Francois"]
[Result "1-0"]
[WhiteElo "1318"]
[BlackElo "1240"]
[WhiteFideId "-1"]
[WhiteFideId "-1"]
[PlyCount "125"]
[GameId "2173083677286477"]
[EventDate "2025.04.07"]
[EventType "swiss"]
[EventRounds "5"]
[EventCountry "CAN"]
[TimeControl "5400+30"]

1. d4 d5 2. Bf4 Nf6 3. h3 e6 4. e3 c5 5. Nf3 Nc6 6. Bb5 Bd6 7. Bxd6 Qxd6 8. Nbd2 O-O 9. O-O Bd7 10. Be2 c4 11. c3 Rfe8 12. Qc2 e5 13. dxe5 Nxe5 14. e4 Bc6 15. exd5 Bxd5 16. Nxe5 Rxe5 17. Bxc4 Rg5 18. Bxd5 Qxd5 19. f3 Re8 20. Rf2 Rge5 21. Nf1 Qc5 22. Kh1 Nd5 23. Ng3 R8e6 24. Ne4 Qe7 25. Qd2 h6 26. Qd4 b6 27. Rd1 f5 28. Ng3 Qg5 29. Kh2 f4 30. Ne4 Qf5 31. c4 Nf6 32. Qd8+ Kh7 33. Nxf6+ Rxf6 34. Qd3 Qxd3 35. Rxd3 a6 36. b4 Re1 37. Rfd2 Ree6 38. Rd5 Rc6 39. R2d4 Kg8 40. a4 Kf7 41. Rd7+ Kg6 42. R7d5 Kf7 43. Re4 g5 44. b5 axb5 45. axb5 Rcd6 46. Rxd6 Rxd6 47. Kg1 Re6 48. Rd4 Ke7 49. Kf2 Rd6 50. Rxd6 Kxd6 51. Ke2 h5 52. Kd3 Ke5 53. Kc3 h4 54. Kd3 Kf5 55. Kd4 g4 56. hxg4+ Kg5 57. c5 bxc5+ 58. Kxc5 h3 59. gxh3 Kh4 60. b6 Kg3 61. b7 Kxf3 62. b8=Q Ke3 63. g5 1-0

[Event "Ste-Foy 5 2024-25"]
[Site "Quebec CAN"]
[Date "2025.04.28"]
[Round "3"]
[White "Lebel, Michel"]
[Black "Deschenes, Andre-Philippe"]
[Result "0-1"]
[WhiteElo "1025"]
[BlackElo "1162"]
[WhiteFideId "-1"]
[WhiteFideId "-1"]
[PlyCount "100"]
[GameId "2173083675054155"]
[EventDate "2025.04.07"]
[EventType "swiss"]
[EventRounds "5"]
[EventCountry "CAN"]
[TimeControl "5400+30"]

1. e4 e6 2. Nf3 d5 3. Nc3 Nf6 4. d3 Bb4 5. Bd2 O-O 6. a3 Be7 7. Be3 c5 8. Bf4 Qb6 9. Na4 Qa5+ 10. Nc3 d4 11. b4 cxb4 12. axb4 Qxb4 13. Nxd4 Qxc3+ 14. Bd2 Qxd4 15. Be2 Nc6 16. O-O b6 17. c3 Qd7 18. h3 a5 19. Be3 Rb8 20. Qc2 Ba6 21. Rfb1 Qb7 22. Bf4 e5 23. Be3 Rfc8 24. Qd1 Rd8 25. Rb2 Nd7 26. Rab1 Bc5 27. Bg5 f6 28. Qb3+ Kh8 29. Bh4 Nf8 30. Rd2 b5 31. Qc2 Ng6 32. Bg3 Qa7 33. Qd1 b4 34. c4 Nd4 35. Bg4 Bc8 36. Bxc8 Rdxc8 37. Ra1 Ra8 38. Rda2 b3 39. Rxa5 Qb7 40. Qb1 Rxa5 41. Rxa5 Ne2+ 42. Kf1 Nxg3+ 43. fxg3 Qd7 44. Qxb3 Rd8 45. Ke2 Qd4 46. Ra2 Qe3+ 47. Kd1 Rxd3+ 48. Qxd3 Qxd3+ 49. Rd2 Qb3+ 50. Kc1 Be3 0-1

[Event "Ste-Foy 5 2024-25"]
[Site "Quebec CAN"]
[Date "2025.04.28"]
[Round "3"]
[White "Lizotte, Olivier"]
[Black "Poitras, Marc"]
[Result "0-1"]
[WhiteElo "1200"]
[BlackElo "1351"]
[WhiteFideId "-1"]
[WhiteFideId "-1"]
[PlyCount "88"]
[GameId "2173083677286478"]
[EventDate "2025.04.07"]
[EventType "swiss"]
[EventRounds "5"]
[EventCountry "CAN"]
[TimeControl "5400+30"]

1. e4 d6 2. d4 Nf6 3. Nc3 g6 4. g3 Bg7 5. Bg2 O-O 6. Nge2 e5 7. dxe5 dxe5 8. O-O Nc6 9. b3 Bg4 10. Bg5 b5 11. h3 Qxd1 12. Rfxd1 Bxe2 13. Nxe2 Nb4 14. Bxf6 Bxf6 15. Rd7 Rac8 16. c3 Na6 17. b4 Rfd8 18. Rad1 c5 19. a3 Nb8 20. Rxd8+ Rxd8 21. Rxd8+ Bxd8 22. f4 f6 23. h4 Nd7 24. Bh3 Nb6 25. bxc5 Nc4 26. Bc8 Nxa3 27. Ba6 Kf7 28. c6 Ke7 29. Nc1 Ba5 30. Na2 Kd6 31. Bb7 Kc5 32. Kf2 Kc4 33. Ke2 Nb1 34. Kd1 Nxc3+ 35. Nxc3 Kxc3 36. fxe5 fxe5 37. g4 g5 38. hxg5 Bd8 39. Kc1 Bxg5+ 40. Kd1 Bd8 41. g5 b4 42. Bc8 b3 43. Kc1 Bxg5+ 44. Kb1 Bd8 0-1

[Event "Ste-Foy 5 2024-25"]
[Site "Quebec CAN"]
[Date "2025.04.28"]
[Round "3"]
[White "Pepin, Pierre-Luc"]
[Black "Wafer, Jacques"]
[Result "0-1"]
[WhiteElo "1010"]
[BlackElo "1402"]
[WhiteFideId "-1"]
[WhiteFideId "-1"]
[PlyCount "74"]
[GameId "2173083677286476"]
[EventDate "2025.04.07"]
[EventType "swiss"]
[EventRounds "5"]
[EventCountry "CAN"]
[TimeControl "5400+30"]

1. d4 Nf6 2. Nf3 e6 3. c3 h6 4. e3 b6 5. g3 d6 6. Bg2 Bb7 7. O-O Be7 8. Nbd2 O-O 9. b3 Nbd7 10. Bb2 Rb8 11. Rc1 c5 12. Re1 Nh7 13. Bf1 Qc7 14. Qc2 Qc6 15. Bg2 Ng5 16. Nh4 Qc8 17. Nhf3 d5 18. Bf1 Nf6 19. h4 Nxf3+ 20. Nxf3 Bd6 21. Re2 Ba6 22. Rd2 Bxf1 23. Rxf1 c4 24. b4 b5 25. Re2 Ne4 26. Nd2 f5 27. Nxe4 fxe4 28. Kg2 Rf3 29. Qd1 Qc7 30. Kg1 Rbf8 31. Qe1 R8f6 32. Bc1 Rg6 33. Bb2 Bxg3 34. fxg3 Rgxg3+ 35. Rg2 Rh3 36. Qe2 Qf7 37. Rgf2 Qg6+ 0-1

[Event "Ste-Foy 5 2024-25"]
[Site "Quebec CAN"]
[Date "2025.04.07"]
[Round "4"]
[White "Barrera, Eduardo"]
[Black "Tremblay, Noah"]
[Result "0-1"]
[WhiteElo "1952"]
[BlackElo "1646"]
[WhiteFideId "-1"]
[WhiteFideId "-1"]
[PlyCount "124"]
[GameId "2174969458512034"]
[EventDate "2025.04.07"]
[EventType "swiss"]
[EventRounds "5"]
[EventCountry "CAN"]

1. d4 d5 2. Nf3 Nf6 3. e3 g6 4. Bd3 Bg7 5. O-O O-O 6. b3 Nc6 7. a3 Bg4 8. Bb2 Nd7 9. h3 Bxf3 10. Qxf3 Nb6 11. Nd2 e5 12. Bb5 exd4 13. Bxc6 bxc6 14. Bxd4 Bxd4 15. exd4 Qd6 16. Qc3 Nd7 17. b4 Nf6 18. Nb3 Ne4 19. Qd3 Rfe8 20. Na5 a6 21. Rac1 Qf4 22. c4 dxc4 23. Nxc4 Rad8 24. Rce1 Re6 25. Qe3 Qf6 26. Ne5 Nd6 27. Ng4 Qe7 28. Ne5 Nf5 29. Nxc6 Rxe3 30. Nxe7+ Rxe7 31. Rxe7 Nxe7 32. Rc1 Rd7 33. Kf1 Nf5 34. d5 Rxd5 35. Rxc7 a5 36. Rc4 axb4 37. axb4 Rd4 38. Rc8+ Kg7 39. b5 Nd6 40. Rb8 Rb4 41. b6 Nc4 42. b7 Nd6 43. Rd8 Nxb7 44. Rd2 Nc5 45. g3 Ne4 46. Re2 Nf6 47. Kg2 Re4 48. Ra2 h5 49. h4 Nd5 50. Rd2 Nc3 51. Rc2 Nb5 52. Rb2 Nd6 53. Rd2 Re6 54. Ra2 f5 55. Ra7+ Kf6 56. Ra2 Ne4 57. Rc2 Rd6 58. Rc1 Rd2 59. Rf1 Ke5 60. Kf3 Rxf2+ 61. Rxf2 Nxf2 62. Kxf2 Ke4 0-1

[Event "Ste-Foy 5 2024-25"]
[Site "Quebec CAN"]
[Date "2025.04.07"]
[Round "4"]
[White "Blais, Pierre-Luc"]
[Black "Dionne, Frederick"]
[Result "0-1"]
[WhiteElo "1497"]
[BlackElo "1354"]
[WhiteFideId "-1"]
[WhiteFideId "-1"]
[PlyCount "82"]
[GameId "2174969458512035"]
[EventDate "2025.04.07"]
[EventType "swiss"]
[EventRounds "5"]
[EventCountry "CAN"]

1. d4 Nf6 2. c4 e5 3. dxe5 Ng4 4. Nf3 Bc5 5. e3 Nc6 6. Nc3 O-O 7. Bd3 Ngxe5 8. Nxe5 Nxe5 9. Bxh7+ Kxh7 10. Qh5+ Kg8 11. Qxe5 d6 12. Qg3 Re8 13. O-O Re6 14. Rd1 Rg6 15. Qf3 Bg4 16. Qxb7 Bxd1 17. Nxd1 Rb8 18. Qf3 Qh4 19. b3 Rh6 20. h3 Re8 21. Bb2 Qe4 22. Qe2 Rg6 23. f3 Bxe3+ 24. Kf1 Qf4 25. Qd3 Rge6 26. Nc3 Qh2 27. Ne4 Qg1+ 28. Ke2 Qxg2+ 29. Kxe3 Qxb2 30. Rg1 f5 31. Qd5 fxe4 32. f4 Qc3+ 33. Kf2 Qf3+ 34. Ke1 Qxf4 35. Rg6 Kf7 36. Rg4 Qe3+ 37. Kf1 Qd3+ 38. Qxd3 exd3 39. Rd4 Rf6+ 40. Kg2 Re2+ 41. Kg3 d2 0-1

[Event "Ste-Foy 5 2024-25"]
[Site "Quebec CAN"]
[Date "2025.04.07"]
[Round "4"]
[White "Caron-Ouellette, Charles"]
[Black "Savard, Alexandre"]
[Result "0-1"]
[WhiteElo "1334"]
[BlackElo "1812"]
[WhiteFideId "-1"]
[WhiteFideId "-1"]
[PlyCount "44"]
[GameId "2174969458512033"]
[EventDate "2025.04.07"]
[EventType "swiss"]
[EventRounds "5"]
[EventCountry "CAN"]

1. e4 c5 2. c3 Nf6 3. e5 Nd5 4. Nf3 Nc6 5. d4 cxd4 6. cxd4 d6 7. Bb5 Qa5+ 8. Nc3 Nxc3 9. Bxc6+ bxc6 10. bxc3 Qxc3+ 11. Bd2 Qd3 12. h3 Ba6 13. Be3 e6 14. Qxd3 Bxd3 15. a3 Rb8 16. Kd2 Be4 17. Nh4 Be7 18. f3 Bd5 19. Bf2 g5 20. Rab1 Kd7 21. Ke3 gxh4 22. Rb4 dxe5 0-1

[Event "Ste-Foy 5 2024-25"]
[Site "Quebec CAN"]
[Date "2025.04.07"]
[Round "4"]
[White "Luo, Zhao Yang"]
[Black "Soucy, Mathieu"]
[Result "1-0"]
[WhiteElo "2059"]
[BlackElo "1270"]
[WhiteFideId "-1"]
[WhiteFideId "-1"]
[PlyCount "41"]
[GameId "2174969458512036"]
[EventDate "2025.04.07"]
[EventType "swiss"]
[EventRounds "5"]
[EventCountry "CAN"]

1. d4 Nf6 2. Nf3 g6 3. Bg5 Bg7 4. Nbd2 d6 5. h3 Nbd7 6. e4 O-O 7. c3 c6 8. a4 Re8 9. Bc4 e5 10. d5 cxd5 11. Bxd5 Qb6 12. Nc4 Qa6 13. Nxd6 Nxd5 14. Nxe8 Nf4 15. Bxf4 Qc6 16. Be3 Qxe4 17. Nd6 Qc6 18. Nxf7 Kxf7 19. Qb3+ Kf8 20. Ng5 Qf6 21. Nxh7+ 1-0

[Event "Ste-Foy 5 2024-25"]
[Site "Quebec CAN"]
[Date "2025.04.07"]
[Round "4"]
[White "Poitras, Marc"]
[Black "Fillion, Jean-Yves"]
[Result "0-1"]
[WhiteElo "1351"]
[BlackElo "1354"]
[WhiteFideId "-1"]
[WhiteFideId "-1"]
[PlyCount "44"]
[GameId "2174969458512037"]
[EventDate "2025.04.07"]
[EventType "swiss"]
[EventRounds "5"]
[EventCountry "CAN"]

1. d4 Nf6 2. Nf3 g6 3. Bg5 Bg7 4. Qd2 Ne4 5. Qb4 Nxg5 6. Nxg5 Nc6 7. Qc4 d5 8. Qb3 Nxd4 9. Qd3 Bf5 10. e4 dxe4 11. Nxe4 O-O 12. c3 Nc6 13. Qf3 e6 14. Nc5 Rb8 15. Nd2 Bh6 16. O-O-O Qe7 17. Nxb7 Rxb7 18. Qxc6 Rfb8 19. b4 a5 20. a3 axb4 21. axb4 Qf6 22. Ba6 Rxb4 0-1

[Event "Ste-Foy 5 2024-25"]
[Site "Quebec CAN"]
[Date "2025.04.07"]
[Round "4"]
[White "Soubeyrand, Maxence"]
[Black "Cantin, Guillaume"]
[Result "0-1"]
[WhiteElo "1109"]
[BlackElo "1181"]
[WhiteFideId "-1"]
[WhiteFideId "-1"]
[PlyCount "56"]
[GameId "2174969458512038"]
[EventDate "2025.04.07"]
[EventType "swiss"]
[EventRounds "5"]
[EventCountry "CAN"]

1. d4 Nf6 2. Bf4 d5 3. e3 e6 4. Nf3 h6 5. Nbd2 c5 6. c3 Nc6 7. Bd3 cxd4 8. exd4 Bd6 9. Bxd6 Qxd6 10. h3 O-O 11. O-O Bd7 12. Re1 Rac8 13. Ne5 Be8 14. Ndf3 Nd7 15. Qd2 f6 16. Ng6 Bxg6 17. Bxg6 e5 18. Nh4 Ne7 19. Qc2 e4 20. f3 f5 21. Bxf5 Nxf5 22. Nxf5 Rxf5 23. fxe4 dxe4 24. Rxe4 Rcf8 25. Qb3+ Kh8 26. Qxb7 Rf2 27. Re7 Qg3 28. Rxd7 Qe3 0-1

[Event "Ste-Foy 5 2024-25"]
[Site "Quebec CAN"]
[Date "2025.05.05"]
[Round "4"]
[White "Couture, Francois"]
[Black "Pepin, Pierre-Luc"]
[Result "0-1"]
[WhiteElo "1240"]
[BlackElo "1010"]
[WhiteFideId "-1"]
[WhiteFideId "-1"]
[PlyCount "64"]
[GameId "2174969458512030"]
[EventDate "2025.04.07"]
[EventType "swiss"]
[EventRounds "5"]
[EventCountry "CAN"]
[TimeControl "5400+30"]

1. d4 d5 2. c4 e6 3. Nf3 Nf6 4. Nc3 c5 5. Bg5 dxc4 6. e4 Be7 7. Bxc4 cxd4 8. Nxd4 Qb6 9. Rb1 Bc5 10. Be3 O-O 11. Na4 Qb4+ 12. Nc3 Qxc4 13. Qd2 Rd8 14. b3 Qb4 15. Rd1 e5 16. Ncb5 Rd7 17. O-O Qxd2 18. Rxd2 a6 19. Rc1 Nxe4 20. Rd3 Nc6 21. f3 axb5 22. fxe4 Bxd4 23. Bxd4 Nxd4 24. Kf2 Rxa2+ 25. Kf1 Rd8 26. Rdc3 Be6 27. b4 Ne2 28. R3c2 Nxc1 29. Rxc1 Bc4+ 30. Kg1 Rdd2 31. h3 Rxg2+ 32. Kh1 Rh2+ 0-1

[Event "Ste-Foy 5 2024-25"]
[Site "Quebec CAN"]
[Date "2025.05.05"]
[Round "4"]
[White "Miranda, Carlos"]
[Black "Deschenes, Andre-Philippe"]
[Result "1-0"]
[WhiteElo "1325"]
[BlackElo "1010"]
[WhiteFideId "-1"]
[WhiteFideId "-1"]
[PlyCount "77"]
[GameId "2174969458512031"]
[EventDate "2025.04.07"]
[EventType "swiss"]
[EventRounds "5"]
[EventCountry "CAN"]
[TimeControl "5400+30"]

1. d4 e6 2. Nf3 d5 3. Bf4 Nf6 4. e3 c5 5. c3 b6 6. Nbd2 Ba6 7. Bxa6 Nxa6 8. Qa4+ Qd7 9. Qxa6 Be7 10. Ne5 Qd8 11. Qb5+ Nd7 12. Nxd7 Qxd7 13. Qxd7+ Kxd7 14. O-O g5 15. Bg3 h5 16. f4 h4 17. Bf2 g4 18. g3 hxg3 19. hxg3 Rh3 20. Kg2 Rah8 21. Rh1 f5 22. Rxh3 gxh3+ 23. Kh2 cxd4 24. exd4 b5 25. a3 a6 26. Nf3 Bf6 27. Re1 Rh6 28. Ng1 Be7 29. Nxh3 Kc6 30. Kg2 Kb6 31. b4 a5 32. Be3 a4 33. Nf2 Rg6 34. Rh1 Kc7 35. Rh7 Kd7 36. Kf3 Ke8 37. g4 fxg4+ 38. Nxg4 Kd7 39. Ne5+ 1-0

[Event "Ste-Foy 5 2024-25"]
[Site "Quebec CAN"]
[Date "2025.05.05"]
[Round "4"]
[White "Wafer, Jacques"]
[Black "Laurendeau, Alfred"]
[Result "1/2-1/2"]
[WhiteElo "1402"]
[BlackElo "1533"]
[WhiteFideId "-1"]
[WhiteFideId "-1"]
[PlyCount "76"]
[GameId "2174969458512032"]
[EventDate "2025.04.07"]
[EventType "swiss"]
[EventRounds "5"]
[EventCountry "CAN"]
[TimeControl "5400+30"]

1. g3 d5 2. Bg2 Nf6 3. c4 c6 4. cxd5 cxd5 5. Nf3 Nc6 6. d3 e6 7. O-O Be7 8. a3 O-O 9. d4 Re8 10. e3 Bf8 11. Nbd2 e5 12. dxe5 Nxe5 13. Nxe5 Rxe5 14. b4 Re6 15. Bb2 Bd6 16. Nb3 Be5 17. Nd4 Re8 18. Qb3 Ne4 19. Rfd1 Qe7 20. Qxd5 Bxd4 21. Qxd4 f6 22. Bxe4 Qxe4 23. Qxe4 Rxe4 24. Rd8+ Kf7 25. Rad1 Re8 26. f4 Bg4 27. Rxa8 Rxa8 28. Rc1 Re8 29. Rc7+ Re7 30. Rxe7+ Kxe7 31. Kf2 g6 32. e4 Bd7 33. Ke3 Ke6 34. Kd4 Bc6 35. Bc1 f5 36. e5 a6 37. Kc5 Be4 38. Be3 Bc6 1/2-1/2

[Event "Ste-Foy 5 2024-25"]
[Site "Quebec CAN"]
[Date "2025.04.07"]
[Round "5"]
[White "Cantin, Guillaume"]
[Black "Zarrari, Aissame"]
[Result "0-1"]
[WhiteElo "1181"]
[BlackElo "1449"]
[WhiteFideId "-1"]
[WhiteFideId "-1"]
[PlyCount "82"]
[GameId "2178586519576720"]
[EventDate "2025.04.07"]
[EventType "swiss"]
[EventRounds "5"]
[EventCountry "CAN"]

1. d4 d6 2. c4 Nf6 3. Nc3 Nbd7 4. Nf3 e6 5. e4 Be7 6. Bd3 c6 7. O-O e5 8. d5 Nc5 9. Bc2 O-O 10. a3 a5 11. Be3 Ncd7 12. dxc6 bxc6 13. Ba4 Bb7 14. Re1 Ng4 15. Bd2 Qb6 16. Be3 Nxe3 17. Rxe3 Nc5 18. Bc2 Qc7 19. Nd2 Bg5 20. Rg3 Bf4 21. Rh3 Bc8 22. Rh4 Qe7 23. Qh5 h6 24. Rxf4 exf4 25. Qd1 Be6 26. Ne2 Qg5 27. Nf3 Qf6 28. Qxd6 Qxb2 29. Rc1 Qxa3 30. Qxf4 Nd3 31. Bxd3 Qxd3 32. Ng3 Rab8 33. Ne5 Qd6 34. Nh5 f6 35. Ng6 Qxf4 36. Nhxf4 Rfe8 37. e5 fxe5 38. Nxe5 Bf7 39. Nxc6 Rbc8 40. Nxa5 Rc5 41. Nb7 Rxc4 0-1